[Event "TuS Makkabi Berlin-TuS Makkabi Frankfurt"]
[Site "?"]
[Date "2009.12.30"]
[Round "7.1"]
[White "Baskin, Robert"]
[Black "Lerch, Philipp"]
[Result "1/2-1/2"]
[WhiteElo "1775"]
[BlackElo "1903"]
[PlyCount "70"]
[EventDate "2009.??.??"]
[WhiteTeam "TuS Makkabi Frankfurt a. M."]
[BlackTeam "TuS Makkabi Berlin"]

1. e4 c6 2. d4 d5 3. Nc3 dxe4 4. Nxe4 Nd7 5. Bc4 Ngf6 6. Ng5 e6 7. Qe2 Nb6 8.
Bd3 Bd6 9. N1f3 h6 10. Ne4 Nxe4 11. Qxe4 Nd5 12. c3 Nf6 13. Qe2 Qc7 14. h3 b6
15. O-O O-O 16. Re1 Bb7 17. Be3 c5 18. Rad1 Rfe8 19. Bb1 e5 20. dxe5 Bxe5 21.
Nxe5 Qxe5 22. Qd2 Qh5 23. Bf4 Nd5 24. Qd3 Nf6 25. Qf5 Qxf5 26. Bxf5 Nd5 27. Bg3
Nf6 28. Be5 Nd5 29. c4 Nb4 30. a3 Nc6 31. Bc3 Rxe1+ 32. Rxe1 Rd8 33. Be4 Rd7
34. Bd5 Nd4 35. Re8+ Kh7 1/2-1/2

[Event "TuS Makkabi Berlin-TuS Makkabi Frankfurt"]
[Site "?"]
[Date "2009.12.30"]
[Round "7.2"]
[White "Sawlin, Leonid"]
[Black "Mager, Denis"]
[Result "1-0"]
[WhiteElo "1785"]
[BlackElo "1648"]
[PlyCount "45"]
[EventDate "2009.??.??"]
[WhiteTeam "TuS Makkabi Berlin"]
[BlackTeam "TuS Makkabi Frankfurt a. M."]

1. e4 e5 2. Nf3 Nc6 3. d4 exd4 4. Nxd4 Bc5 5. Nb3 Bb6 6. a4 a6 7. Nc3 Nf6 8.
Bg5 h6 9. Bh4 d6 10. Be2 g5 11. Bg3 Be6 12. h4 g4 13. h5 Qe7 14. a5 Ba7 15. Nd5
Qd8 16. Bh4 Bxd5 17. exd5 Ne5 18. Nd4 Rg8 19. Nf5 Rh8 20. Qd2 Rc8 21. Nxh6 c6
22. Nxg4 Ned7 23. Qc3 1-0

[Event "TuS Makkabi Berlin-TuS Makkabi Frankfurt"]
[Site "?"]
[Date "2009.12.30"]
[Round "7.3"]
[White "Greif, Gavin"]
[Black "Lagunow, Raphael"]
[Result "0-1"]
[WhiteElo "1346"]
[BlackElo "1646"]
[PlyCount "34"]
[EventDate "2009.??.??"]
[WhiteTeam "TuS Makkabi Frankfurt a. M."]
[BlackTeam "TuS Makkabi Berlin"]

1. e4 c5 2. Nf3 e6 3. c3 Nc6 4. d4 Nf6 5. e5 Nd5 6. a3 Qa5 7. Nbd2 cxd4 8. cxd4
d6 9. Bd3 dxe5 10. dxe5 Nf4 11. Bf1 Nxe5 12. b4 Ned3+ 13. Bxd3 Nxd3+ 14. Ke2
Qa6 15. Nc4 Nf4+ 16. Kf1 Qxc4+ 17. Kg1 Ne2+ 0-1

[Event "TuS Makkabi Berlin-TuS Makkabi Frankfurt"]
[Site "?"]
[Date "2009.12.30"]
[Round "7.4"]
[White "Lagunow, Elina"]
[Black "Paulsen, Alexej"]
[Result "1/2-1/2"]
[WhiteElo "1607"]
[BlackElo "1411"]
[PlyCount "57"]
[EventDate "2009.??.??"]
[WhiteTeam "TuS Makkabi Berlin"]
[BlackTeam "TuS Makkabi Frankfurt a. M."]

1. e4 c5 2. c3 Nf6 3. e5 Nd5 4. d4 cxd4 5. cxd4 d6 6. Nf3 e6 7. Bc4 Nb6 8. Bd3
d5 9. O-O Be7 10. Nc3 O-O 11. Bf4 Nc6 12. Rc1 Bd7 13. a3 Rc8 14. Qe2 Na5 15.
Nd2 Nac4 16. Rc2 Nxd2 17. Bxd2 f5 18. Rfc1 Qe8 19. Nb5 Rxc2 20. Rxc2 Bxb5 21.
Bxb5 Qb8 22. Ba5 Rc8 23. g3 Rxc2 24. Qxc2 Kf7 25. Bxb6 axb6 26. Bd7 Qd8 27. Bc8
b5 28. Bxb7 Qb6 29. Bc6 1/2-1/2

[Event "Hamburger SK-SF Brackel"]
[Site "?"]
[Date "2009.12.30"]
[Round "7.1"]
[White "Hümmecke, Aaron"]
[Black "Gröning, Finn Jonathan"]
[Result "0-1"]
[WhiteElo "1614"]
[BlackElo "1731"]
[PlyCount "84"]
[EventDate "2009.??.??"]
[WhiteTeam "SF Brackel"]
[BlackTeam "Hamburger SK"]

1. e4 c5 2. c3 Nf6 3. e5 Nd5 4. d4 cxd4 5. Nf3 Nc6 6. cxd4 d6 7. exd6 Qxd6 8.
Be2 Bf5 9. Be3 Qb4+ 10. Qd2 Qxd2+ 11. Nbxd2 Ncb4 12. Bb5+ Bd7 13. Bxd7+ Kxd7
14. O-O f6 15. Ne4 e6 16. Nc3 Nc2 17. Rac1 Ncxe3 18. fxe3 Nxe3 19. Rf2 Rc8 20.
Re2 Nd5 21. Rce1 Nxc3 22. bxc3 Rc6 23. Re3 Ra6 24. R1e2 Bd6 25. Kf1 Bf4 26. Rd3
Rc8 27. Rb2 Rb6 28. Rxb6 axb6 29. d5 e5 30. g3 e4 31. Rd4 Bxg3 32. hxg3 exf3
33. c4 Ra8 34. Rd2 Kd6 35. Kf2 b5 36. Kxf3 bxc4 37. Ke4 Ra5 38. Rc2 Rc5 39. a4
g6 40. g4 h6 41. Rc3 b6 42. Rc1 c3 0-1

[Event "Hamburger SK-SF Brackel"]
[Site "?"]
[Date "2009.12.30"]
[Round "7.2"]
[White "Kramer, Julian"]
[Black "Birnkraut, Tim"]
[Result "1-0"]
[WhiteElo "1409"]
[BlackElo "1673"]
[PlyCount "95"]
[EventDate "2009.??.??"]
[WhiteTeam "Hamburger SK"]
[BlackTeam "SF Brackel"]

1. e4 a6 2. d4 b5 3. c4 Bb7 4. d5 c6 5. Nc3 bxc4 6. Bxc4 cxd5 7. Bxd5 Bxd5 8.
Nxd5 e6 9. Nc3 Nc6 10. Be3 Bb4 11. Nge2 Nf6 12. f3 O-O 13. O-O d5 14. exd5 Nxd5
15. Nxd5 Qxd5 16. Qxd5 exd5 17. Rfd1 Rfe8 18. Kf2 Rad8 19. a3 Bd6 20. Rac1 Ne7
21. Bc5 Bxc5+ 22. Rxc5 Rc8 23. Rdc1 Rxc5 24. Rxc5 Rc8 25. Rxc8+ Nxc8 26. Ke3
Nb6 27. b3 Kf8 28. Kd4 Ke7 29. Kc5 Nc8 30. Kxd5 Kd7 31. Kc5 Kc7 32. b4 Nd6 33.
Nd4 Nb7+ 34. Kd5 Kb6 35. h4 a5 36. g4 g6 37. Ke5 Ka6 38. Kf6 Nd6 39. Kg7 Nc4
40. bxa5 Ne5 41. Kf6 Nd3 42. Kxf7 Nf4 43. Kg7 h5 44. Kf6 hxg4 45. fxg4 Kxa5 46.
Kg5 Ng2 47. Nf3 Ne3 48. Ne5 1-0

[Event "Hamburger SK-SF Brackel"]
[Site "?"]
[Date "2009.12.30"]
[Round "7.3"]
[White "Wastian, Jan"]
[Black "Baberz, Alexander"]
[Result "0-1"]
[WhiteElo "1479"]
[BlackElo "1404"]
[PlyCount "54"]
[EventDate "2009.??.??"]
[WhiteTeam "SF Brackel"]
[BlackTeam "Hamburger SK"]

1. e4 c5 2. c3 Nf6 3. e5 Nd5 4. d4 cxd4 5. Nf3 Nc6 6. cxd4 d6 7. Bb5 Qa5+ 8.
Nc3 Nxc3 9. Bxc6+ bxc6 10. Qc2 Nd5+ 11. Bd2 Qb6 12. O-O Bd7 13. exd6 e6 14. Ne5
Bxd6 15. Nc4 Qc7 16. Ba5 Nb6 17. Nxd6+ Qxd6 18. a3 Kd8 19. Qc5 Kc7 20. b4 Qd5
21. Rab1 Kb7 22. Rfe1 f6 23. Rec1 Rhc8 24. Qe7 Rab8 25. Bxb6 axb6 26. a4 Re8
27. Qxg7 Rg8 0-1

[Event "Hamburger SK-SF Brackel"]
[Site "?"]
[Date "2009.12.30"]
[Round "7.4"]
[White "Lampert, Joshua"]
[Black "Trümper, Michael"]
[Result "0-1"]
[WhiteElo "1101"]
[BlackElo "1395"]
[PlyCount "69"]
[EventDate "2009.??.??"]
[WhiteTeam "Hamburger SK"]
[BlackTeam "SF Brackel"]

1. e4 d5 2. exd5 Qxd5 3. Nc3 Qa5 4. d4 Nf6 5. Bc4 Bf5 6. Bd2 c6 7. Nd5 Qd8 8.
Nxf6+ gxf6 9. Ne2 Bg7 10. Bc3 e6 11. Qd2 O-O 12. O-O Nd7 13. Ng3 Bg6 14. Rfe1
Nb6 15. Bb3 f5 16. Rad1 Nd5 17. Bxd5 cxd5 18. Qf4 Rc8 19. Re3 Qc7 20. Qxc7 Rxc7
21. Rf3 Rfc8 22. Ne2 Bh5 23. Re3 f4 24. Rf3 Bxf3 25. gxf3 b5 26. Rd2 Rb8 27. a3
Bf8 28. b4 a5 29. Kg2 axb4 30. axb4 Rc4 31. Bb2 Bxb4 32. Rd3 Bd6 33. c3 Ra8 34.
Kh3 Ra2 35. Ba3 0-1

[Event "USV TU Dresden-BSG Chemie Leipzig"]
[Site "?"]
[Date "2009.12.30"]
[Round "7.1"]
[White "Schmücker, Felix"]
[Black "Scholz, Robert"]
[Result "1-0"]
[WhiteElo "1745"]
[BlackElo "1561"]
[PlyCount "101"]
[EventDate "2009.??.??"]
[WhiteTeam "BSG Chemie Leipzig"]
[BlackTeam "USV TU Dresden"]

1. e4 e5 2. Nf3 Nc6 3. d4 exd4 4. Bc4 Bc5 5. c3 Nf6 6. e5 d5 7. Bb5 Nd7 8. cxd4
Bb4+ 9. Bd2 Bxd2+ 10. Nbxd2 O-O 11. O-O Nb6 12. Bxc6 bxc6 13. Qc2 Qd7 14. Rac1
Bb7 15. Nb3 Nc4 16. Nc5 Qc8 17. b3 Nb6 18. Nxb7 Qxb7 19. Qxc6 Qa6 20. Rc2 Rac8
21. e6 h6 22. Ne5 fxe6 23. Qxe6+ Kh7 24. Qg6+ Kg8 25. Rfc1 Qa5 26. h3 Na8 27.
Nc6 Qa3 28. Qe6+ Kh7 29. Ne7 Rce8 30. Qg6+ Kh8 31. Nf5 Re7 32. Nxe7 Qxe7 33.
Qc6 Qf7 34. Re1 Kh7 35. Qe6 Qf4 36. Qxd5 Kh8 37. Qe4 Qd6 38. Rc6 Qd8 39. Qe5
Kg8 40. Re3 Kh7 41. d5 Rg8 42. Rg3 Qf8 43. Qe4+ Kh8 44. Qd4 Kh7 45. Qxa7 Qd8
46. Qd4 Qf8 47. d6 Qd8 48. Qd3+ Kh8 49. dxc7 Qc8 50. Qg6 Qf8 51. c8=Q 1-0

[Event "USV TU Dresden-BSG Chemie Leipzig"]
[Site "?"]
[Date "2009.12.30"]
[Round "7.2"]
[White "Thamm, Merlin Jannes"]
[Black "Richter, Leonard"]
[Result "0-1"]
[WhiteElo "1546"]
[BlackElo "1650"]
[PlyCount "166"]
[EventDate "2009.??.??"]
[WhiteTeam "USV TU Dresden"]
[BlackTeam "BSG Chemie Leipzig"]

1. e4 c6 2. d4 d5 3. Nc3 dxe4 4. Nxe4 Nd7 5. Nf3 Ngf6 6. Ng3 g6 7. Bf4 Bg7 8.
Bc4 Nb6 9. Bb3 Nbd5 10. Bxd5 Nxd5 11. Be3 O-O 12. O-O Bg4 13. h3 Bxf3 14. Qxf3
e6 15. c3 a5 16. Ne2 b5 17. Nf4 Qb6 18. a3 Rfd8 19. Rfd1 Rd7 20. Nxd5 cxd5 21.
Bd2 Rc8 22. Qd3 Rb7 23. Rdc1 Rbc7 24. Bf4 Rc4 25. Bd2 Bf8 26. b4 R8c6 27. Rab1
Qc7 28. Qe3 Bd6 29. Ra1 Bf8 30. Rab1 Bg7 31. Ra1 Ra6 32. Kh1 Qd6 33. Kg1 e5 34.
dxe5 Bxe5 35. Re1 Re4 36. Qd3 Rc4 37. Qe3 f6 38. Qd3 a4 39. Rac1 Rac6 40. Red1
d4 41. cxd4 Rxd4 42. Rxc6 Rxd3 43. Rxd6 Rxd6 44. Kf1 Bb2 45. Ke2 Bxa3 46. Ra1
Bb2 47. Ra2 Be5 48. Bc1 Kf7 49. Rc2 Re6 50. Kd3 Rd6+ 51. Ke4 Re6 52. Kd3 Rd6+
53. Ke2 Ke6 54. Rc5 Rd5 55. Rc6+ Kd7 56. Rc2 Kd6 57. Ke3 g5 58. Ke2 h5 59. g3
h4 60. g4 Bf4 61. Bb2 Be5 62. Bc1 Bd4 63. Ra2 Bc3 64. Ba3 Rd4 65. Ke3 Rf4 66.
f3 Bxb4 67. Bc1 Rc4 68. Bb2 Bc3 69. Bc1 Bd4+ 70. Kd2 Be3+ 71. Kxe3 Rxc1 72. Rb2
a3 73. Ra2 b4 74. Kd2 Rh1 75. Kd3 Rxh3 76. Rf2 b3 77. Kc3 a2 78. Kb2 Rh1 79.
Kxb3 a1=Q 80. Rd2+ Kc5 81. Rc2+ Kb5 82. f4 Rb1+ 83. Rb2 Qxb2# 0-1

[Event "USV TU Dresden-BSG Chemie Leipzig"]
[Site "?"]
[Date "2009.12.30"]
[Round "7.3"]
[White "Paschold, Gerry"]
[Black "Heidelberger, Colin"]
[Result "0-1"]
[WhiteElo "1358"]
[BlackElo "1508"]
[PlyCount "44"]
[EventDate "2009.??.??"]
[WhiteTeam "BSG Chemie Leipzig"]
[BlackTeam "USV TU Dresden"]

1. e4 e6 2. d4 d5 3. exd5 exd5 4. Bd3 Bd6 5. Nf3 Nc6 6. c3 Nge7 7. O-O Bg4 8.
Nbd2 Qd7 9. Re1 O-O-O 10. b4 Rde8 11. b5 Nd8 12. Qa4 Kb8 13. Ne5 Bxe5 14. Rxe5
Ng6 15. Rxe8 Rxe8 16. Ba3 Nf4 17. Bf1 Be2 18. Qb3 Qg4 19. g3 Bxf1 20. Rxf1 Re2
21. Qd1 Nde6 22. f3 Rg2+ 0-1

[Event "USV TU Dresden-BSG Chemie Leipzig"]
[Site "?"]
[Date "2009.12.30"]
[Round "7.4"]
[White "Gungl, Theo"]
[Black "Angrick, Philipp"]
[Result "1/2-1/2"]
[WhiteElo "1477"]
[BlackElo "1363"]
[PlyCount "44"]
[EventDate "2009.??.??"]
[WhiteTeam "USV TU Dresden"]
[BlackTeam "BSG Chemie Leipzig"]

1. d4 d5 2. c4 e6 3. Nc3 c6 4. Nf3 Bd6 5. e3 f5 6. Bd3 Nf6 7. Bd2 O-O 8. Qc2
Ne4 9. Rc1 Nd7 10. cxd5 exd5 11. a3 Re8 12. O-O Ndf6 13. b4 b5 14. Ne2 Bd7 15.
Rb1 Qc7 16. Ng3 Rac8 17. Rfc1 a6 18. Be1 Re7 19. Rb3 Rce8 20. Qb1 Nxg3 21. hxg3
Ne4 22. Qb2 Re6 1/2-1/2

[Event "SV Medizin Erfurt-TuS Coswig"]
[Site "?"]
[Date "2009.12.30"]
[Round "7.1"]
[White "Kieslich, Aaron"]
[Black "Knorre, Jonas"]
[Result "1/2-1/2"]
[WhiteElo "1700"]
[BlackElo "1313"]
[PlyCount "97"]
[EventDate "2009.??.??"]
[WhiteTeam "TuS Coswig"]
[BlackTeam "SV Medizin Erfurt"]

1. e4 c5 2. Nf3 Nc6 3. d4 cxd4 4. Nxd4 g6 5. Nc3 Bg7 6. Be3 Nf6 7. Bc4 Qa5 8.
f3 Qb4 9. Bb3 O-O 10. Qd2 d6 11. a3 Qa5 12. O-O-O Re8 13. Kb1 Bd7 14. h4 Ne5
15. g4 b5 16. Bg5 Nc4 17. Bxc4 bxc4 18. Bxf6 Bxf6 19. Nd5 Qxd2 20. Nxf6+ Kg7
21. Rxd2 Kxf6 22. Ne2 Kg7 23. Nc3 Be6 24. Nd5 Bxd5 25. Rxd5 Rab8 26. Rhd1 Rb7
27. Ka2 Reb8 28. Rb1 f6 29. b4 cxb3+ 30. Rxb3 Kf7 31. Kb2 Ke6 32. f4 Kd7 33. f5
e6 34. fxe6+ Kxe6 35. Rxb7 Rxb7+ 36. Kc3 Rc7+ 37. Kd3 h6 38. Ra5 Rd7 39. Kd4
Rc7 40. c4 Rd7 41. Rb5 Rc7 42. Rb8 Rc5 43. Rh8 h5 44. gxh5 gxh5 45. Rh7 a5 46.
a4 Re5 47. Rb7 f5 48. exf5+ Rxf5 49. Ke3 1/2-1/2

[Event "SV Medizin Erfurt-TuS Coswig"]
[Site "?"]
[Date "2009.12.30"]
[Round "7.2"]
[White "Lindner, Ferdinand"]
[Black "Linnemann, Niklas"]
[Result "0-1"]
[WhiteElo "1413"]
[BlackElo "1577"]
[PlyCount "76"]
[EventDate "2009.??.??"]
[WhiteTeam "SV Medizin Erfurt"]
[BlackTeam "TuS Coswig"]

1. e4 c5 2. d4 cxd4 3. c3 dxc3 4. Nxc3 e6 5. Nf3 Nc6 6. Bc4 Be7 7. O-O d6 8.
Qe2 a6 9. Rd1 Qc7 10. Bf4 Nf6 11. Rac1 O-O 12. e5 Nh5 13. exd6 Nxf4 14. dxc7
Nxe2+ 15. Nxe2 Bf6 16. b3 g6 17. Ng3 Re8 18. Bd3 Re7 19. Bxa6 Rxc7 20. Bd3 Rxa2
21. b4 Bb2 22. Rc2 Rd7 23. b5 Ne7 24. Ne4 Rxd3 25. Rb1 b6 26. h3 Rb3 27. Rc7
Be5 28. Rcc1 Rxb1 29. Rxb1 Ra1 30. Rxa1 Bxa1 31. Nd6 f6 32. Kf1 Bd7 33. Ke2 Nc8
34. Nxc8 Bxc8 35. Kd3 e5 36. Nd2 Be6 37. g4 Kf7 38. Ne4 Ke7 0-1

[Event "SV Medizin Erfurt-TuS Coswig"]
[Site "?"]
[Date "2009.12.30"]
[Round "7.3"]
[White "Marek, Moritz"]
[Black "Michels, Kim"]
[Result "0-1"]
[WhiteElo "1298"]
[BlackElo "1184"]
[PlyCount "142"]
[EventDate "2009.??.??"]
[WhiteTeam "TuS Coswig"]
[BlackTeam "SV Medizin Erfurt"]

1. e4 c5 2. Nf3 Nc6 3. d4 cxd4 4. Nxd4 g6 5. Nc3 Bg7 6. Be3 Nf6 7. Bc4 Qa5 8.
Qd2 Nxe4 9. Nxe4 Qxd2+ 10. Kxd2 Nxd4 11. c3 Nc6 12. Rad1 O-O 13. f3 d6 14. Ng3
Bd7 15. a3 a6 16. Rhe1 Na5 17. Bf1 Ba4 18. Rb1 Nb3+ 19. Kd3 Nc5+ 20. Bxc5 dxc5
21. Rxe7 Rad8+ 22. Ke3 Bc2 23. Re1 Bh6+ 24. Kf2 b5 25. Ra7 Rd6 26. Ne4 Bxe4 27.
Rxe4 Rfd8 28. Be2 R8d7 29. Re8+ Kg7 30. Rea8 Rxa7 31. Rxa7 c4 32. a4 Bc1 33.
axb5 axb5 34. Ra5 Rd5 35. b3 cxb3 36. Rxb5 Rxb5 37. Bxb5 Bd2 38. Bd3 Bxc3 39.
Ke2 Kf6 40. Bb1 Ke5 41. Ke3 Kd5 42. Kd3 Be5 43. h3 Kc5 44. Kd2 Kb4 45. Kc1 Ka3
46. g4 Bf4+ 47. Kd1 Kb2 48. Be4 Ka1 49. h4 b2 50. h5 b1=Q+ 51. Bxb1 Kxb1 52.
Ke2 Kc2 53. hxg6 fxg6 54. Kf2 Kd3 55. Kg2 Ke3 56. Kh3 Kxf3 57. Kh4 Ke4 58. Kh3
Ke5 59. Kh4 Kf6 60. Kh3 Kg5 61. Kg2 Kxg4 62. Kf1 h5 63. Kg2 h4 64. Kg1 Kf3 65.
Kh1 g5 66. Kg1 g4 67. Kh1 g3 68. Kg1 Be3+ 69. Kh1 g2+ 70. Kh2 g1=Q+ 71. Kh3
Qg3# 0-1

[Event "SV Medizin Erfurt-TuS Coswig"]
[Site "?"]
[Date "2009.12.30"]
[Round "7.4"]
[White "Nguyen, Huy Dat"]
[Black "Zschuppe, Ludwig"]
[Result "1/2-1/2"]
[WhiteElo "1153"]
[BlackElo "1118"]
[PlyCount "189"]
[EventDate "2009.??.??"]
[WhiteTeam "SV Medizin Erfurt"]
[BlackTeam "TuS Coswig"]

1. d4 d5 2. e3 e6 3. c4 c6 4. Nc3 Nf6 5. Nf3 Nbd7 6. Be2 Bd6 7. O-O O-O 8. cxd5
exd5 9. b3 Ne4 10. Nxe4 dxe4 11. Nd2 Nf6 12. Bb2 Qc7 13. h3 Be6 14. Rc1 Rac8
15. Bc4 Bd7 16. d5 cxd5 17. Bxd5 Qb8 18. Bxe4 Rxc1 19. Qxc1 Nxe4 20. Nxe4 Be7
21. Qa1 f6 22. Bd4 b6 23. Rd1 Bc6 24. Ng3 Qb7 25. f3 Qc7 26. Nf5 Rf7 27. Nxe7+
Qxe7 28. Qc3 Bb7 29. e4 Qd8 30. Qa1 Rd7 31. Kf2 Qf8 32. Be3 Rc7 33. Re1 Rd7 34.
Rd1 Rc7 35. Qd4 Rc2+ 36. Rd2 Rxd2+ 37. Qxd2 Qc8 38. Qc1 Qxc1 39. Bxc1 Kf7 40.
Ke3 Ba6 41. g3 Ke6 42. f4 Bc8 43. g4 Ke7 44. Ba3+ Ke6 45. f5+ Ke5 46. Bb2+ Kd6
47. Kd4 Ba6 48. Ba3+ Kd7 49. h4 Be2 50. g5 Ke8 51. e5 fxe5+ 52. Kxe5 Kf7 53.
Bd6 a6 54. a3 Bd1 55. b4 b5 56. Bc5 Bb3 57. Bd4 Ke7 58. f6+ gxf6+ 59. gxf6+ Kf7
60. Kf5 Bc2+ 61. Kg5 Bb3 62. Kh6 Kg8 63. Kg5 Bc2 64. Kf4 Kf7 65. Ke5 Bb3 66.
Kd6 Kf8 67. Be3 Kf7 68. Bg5 Kf8 69. Kc7 Kf7 70. Kb6 Kf8 71. Kxa6 Ba4 72. Kb7
Kf7 73. Kc7 Kf8 74. Kd6 Bb3 75. Ke5 Kf7 76. Bh6 Kg6 77. Bg7 Kf7 78. Bh6 Kg6 79.
Bg7 Kf7 80. Kd6 Ke8 81. h5 Kf7 82. h6 Ke8 83. Kc7 Ba4 84. Kc6 Kf7 85. Kd7 Bb3
86. Kc6 Ba4 87. Kb6 Ke8 88. Kc5 Kf7 89. Kd4 Ke8 90. Ke5 Kf7 91. Kd6 Bb3 92. Kd7
Ba4 93. Kd8 Bb3 94. Kc7 Ba4 95. Kc6 1/2-1/2

[Event "SC Vaterstetten-SK 1926 Ettlingen"]
[Site "?"]
[Date "2009.12.30"]
[Round "7.1"]
[White "Volz, Alexander"]
[Black "Xiong, Ferdinand"]
[Result "0-1"]
[WhiteElo "1768"]
[BlackElo "1806"]
[PlyCount "72"]
[EventDate "2009.??.??"]
[WhiteTeam "SK 1926 Ettlingen"]
[BlackTeam "SC Vaterstetten"]

1. e4 c5 2. Nf3 d6 3. d4 cxd4 4. Nxd4 Nf6 5. Nc3 g6 6. Be2 Bg7 7. Be3 Nc6 8.
O-O O-O 9. Qd2 Bd7 10. Rad1 Rc8 11. Rfe1 Ne5 12. h3 Nc4 13. Bxc4 Rxc4 14. Bh6
Rxd4 15. Qxd4 Bxh6 16. Qxa7 Qc7 17. Qd4 Rc8 18. Qd3 Be6 19. Qb5 Kf8 20. a4 Nd7
21. a5 Ne5 22. Nd5 Qc6 23. Qxc6 Rxc6 24. c3 Nc4 25. Nb4 Rc5 26. Nd3 Rxa5 27. f4
Rb5 28. b4 Rb6 29. Ra1 Rc6 30. Ra8+ Kg7 31. g4 Nb6 32. Ra3 Bc4 33. g5 Bxg5 34.
fxg5 Bxd3 35. e5 dxe5 36. Rxe5 Nc4 0-1

[Event "SC Vaterstetten-SK 1926 Ettlingen"]
[Site "?"]
[Date "2009.12.30"]
[Round "7.2"]
[White "Castell, Patrick"]
[Black "Imgrunt, Philipp"]
[Result "1-0"]
[WhiteElo "1374"]
[BlackElo "1548"]
[PlyCount "119"]
[EventDate "2009.??.??"]
[WhiteTeam "SC Vaterstetten"]
[BlackTeam "SK 1926 Ettlingen"]

1. e4 e6 2. d4 d5 3. exd5 exd5 4. Nc3 Nf6 5. Bg5 Be7 6. Bd3 c6 7. Qd2 b5 8. Nf3
Be6 9. O-O Nbd7 10. Rae1 O-O 11. Ne5 Nxe5 12. dxe5 Ne4 13. Nxe4 dxe4 14. Bxe7
Qxe7 15. Bxe4 Rfd8 16. Qe3 Qd7 17. f4 Bc4 18. Rf3 Re8 19. b3 Bd5 20. Bxd5 Qxd5
21. Qe4 Qc5+ 22. Kf1 Rad8 23. Rf2 Rd4 24. Qe3 Qd6 25. Qf3 Qd7 26. Rfe2 Re6 27.
f5 Rh6 28. Kg1 Rd1 29. Rxd1 Qxd1+ 30. Qf1 Qd4+ 31. Kh1 Qh4 32. h3 Qe7 33. Qc1
Qd7 34. Rf2 Qe7 35. Qe1 Rd6 36. Qe2 Rd5 37. e6 fxe6 38. Qxe6+ Qxe6 39. fxe6 Re5
40. Kg1 Rxe6 41. Kf1 a6 42. Re2 Rxe2 43. Kxe2 Kf7 44. Ke3 h6 45. Kd4 Ke6 46.
Kc5 Kd7 47. Kb6 Kd6 48. c4 h5 49. c5+ Kd5 50. b4 h4 51. a3 g6 52. Kxa6 g5 53.
Kb6 Ke4 54. Kxc6 Kf4 55. Kxb5 Kg3 56. c6 Kxg2 57. c7 g4 58. hxg4 h3 59. c8=Q h2
60. Qc1 1-0

[Event "SC Vaterstetten-SK 1926 Ettlingen"]
[Site "?"]
[Date "2009.12.30"]
[Round "7.3"]
[White "Reiß, Michael"]
[Black "Schackmann, Oliver"]
[Result "0-1"]
[WhiteElo "1563"]
[BlackElo "1138"]
[PlyCount "72"]
[EventDate "2009.??.??"]
[WhiteTeam "SK 1926 Ettlingen"]
[BlackTeam "SC Vaterstetten"]

1. e4 c5 2. Nf3 d6 3. d4 cxd4 4. Nxd4 Nf6 5. Nc3 g6 6. Be3 Bg7 7. Be2 O-O 8.
O-O Nc6 9. Qd2 Bd7 10. Bf3 Ne5 11. Bh6 Bc6 12. Bxg7 Kxg7 13. Nxc6 Nxf3+ 14.
gxf3 bxc6 15. Rad1 Qc8 16. Kg2 Nh5 17. Rfe1 Kg8 18. Ne2 f5 19. Ng3 fxe4 20.
Rxe4 Rf7 21. Qe3 Qc7 22. Nxh5 gxh5 23. Rh4 Qa5 24. a3 Rg7+ 25. Kh1 Qf5 26. Qb3+
d5 27. Qd3 Qg5 28. Qf1 Qxh4 29. h3 Rf8 30. Rd3 Rf6 31. Rb3 Rfg6 32. Rb8+ Kf7
33. Ra8 Rg1+ 34. Qxg1 Qxh3+ 35. Qh2 Qxf3+ 36. Qg2 Qxg2# 0-1

[Event "SC Vaterstetten-SK 1926 Ettlingen"]
[Site "?"]
[Date "2009.12.30"]
[Round "7.4"]
[White "Hilger, Sebastian"]
[Black "Jülg, Julian"]
[Result "1/2-1/2"]
[WhiteElo "1022"]
[BlackElo "1065"]
[PlyCount "69"]
[EventDate "2009.??.??"]
[WhiteTeam "SC Vaterstetten"]
[BlackTeam "SK 1926 Ettlingen"]

1. e4 e5 2. Nf3 Nc6 3. Bc4 Bc5 4. c3 Nf6 5. d4 exd4 6. cxd4 Bb4+ 7. Nc3 Nxe4 8.
Qe2 Qe7 9. O-O Nxc3 10. Qxe7+ Nxe7 11. bxc3 Bxc3 12. Rb1 O-O 13. Bb2 Bxb2 14.
Rxb2 d5 15. Bd3 b6 16. Rc2 c6 17. Ne5 Bb7 18. Re1 Rfe8 19. h3 Rac8 20. Rf1 c5
21. dxc5 bxc5 22. Bb5 Red8 23. Nd7 Nf5 24. Ba4 c4 25. Ne5 c3 26. Bd7 Rc7 27.
Bxf5 d4 28. Nd3 Ba6 29. Rd1 Rb7 30. Kh1 g6 31. Be4 Rb6 32. Nc5 f5 33. Bd3 Bxd3
34. Rxd3 Rdb8 35. Nb3 1/2-1/2

[Event "SG Turm Raesfeld/Erle-USV Volksbank Hall"]
[Site "?"]
[Date "2009.12.30"]
[Round "7.1"]
[White "Schulte, Felix"]
[Black "Suer, Maximilian"]
[Result "1-0"]
[WhiteElo "1407"]
[BlackElo "1153"]
[PlyCount "55"]
[EventDate "2009.??.??"]
[WhiteTeam "USV Volksbank Halle"]
[BlackTeam "SG Turm Raesfeld/Erle"]

1. e4 e5 2. Nf3 Nc6 3. Bc4 Nf6 4. Ng5 d5 5. exd5 Na5 6. Bb5+ c6 7. dxc6 bxc6 8.
Be2 h6 9. Nf3 e4 10. Ng1 Bc5 11. c3 Nb7 12. d4 Bd6 13. Be3 O-O 14. Nd2 Be6 15.
Bc4 c5 16. Bxe6 fxe6 17. Qb3 Qe7 18. Qc2 cxd4 19. Bxd4 Bc5 20. Ne2 Rf7 21. O-O
Raf8 22. Bxf6 Rxf6 23. Nxe4 Rf5 24. Nxc5 Qxc5 25. Nd4 Rf4 26. Nxe6 Qh5 27. Qb3
Kh8 28. Nxf8 1-0

[Event "SG Turm Raesfeld/Erle-USV Volksbank Hall"]
[Site "?"]
[Date "2009.12.30"]
[Round "7.2"]
[White "Ridder, David"]
[Black "Altstadt, Karl-Simon"]
[Result "1-0"]
[WhiteElo "1251"]
[BlackElo "1349"]
[PlyCount "53"]
[EventDate "2009.??.??"]
[WhiteTeam "SG Turm Raesfeld/Erle"]
[BlackTeam "USV Volksbank Halle"]

1. e4 d6 2. Bc4 Nf6 3. d3 g6 4. Be3 Bg7 5. Nd2 Ng4 6. c3 Nxe3 7. fxe3 O-O 8.
Ngf3 Bg4 9. Qe2 Nd7 10. h3 Bxf3 11. gxf3 c6 12. h4 h5 13. Qg2 Nc5 14. Qxg6 d5
15. Qg5 b5 16. Bb3 Nxd3+ 17. Ke2 dxe4 18. Rhg1 Nf4+ 19. exf4 Qd3+ 20. Kd1 Qxd2+
21. Kxd2 Rfd8+ 22. Kc2 Kf8 23. Qxg7+ Ke8 24. Qxf7+ Kd7 25. Rad1+ Kc7 26. Rxd8
Kxd8 27. Rg8+ 1-0

[Event "SG Turm Raesfeld/Erle-USV Volksbank Hall"]
[Site "?"]
[Date "2009.12.30"]
[Round "7.3"]
[White "Geyer, Hannes"]
[Black "Tünte, Marcel"]
[Result "0-1"]
[WhiteElo "1209"]
[BlackElo "1210"]
[PlyCount "68"]
[EventDate "2009.??.??"]
[WhiteTeam "USV Volksbank Halle"]
[BlackTeam "SG Turm Raesfeld/Erle"]

1. e4 e5 2. Nf3 Nc6 3. Bc4 Bc5 4. d3 d6 5. Ng5 Nh6 6. Nf3 Ng4 7. O-O Nf6 8. h3
h6 9. Nc3 Be6 10. Bxe6 fxe6 11. Na4 Bb6 12. Nxb6 axb6 13. Nh4 g5 14. Nf3 Qe7
15. Nh2 O-O-O 16. Ng4 Nxg4 17. Qxg4 Rdg8 18. Qe2 Nd4 19. Qd1 h5 20. c3 Nc6 21.
g3 h4 22. Qg4 hxg3 23. fxg3 Kd7 24. Be3 Qg7 25. d4 exd4 26. cxd4 Nxd4 27. Rac1
Nc6 28. Bd2 Ne5 29. Qd1 Rxh3 30. Bc3 Rxg3+ 31. Kh2 Rd3 32. Qe2 Qh6+ 33. Kg2
Qh3+ 34. Kf2 Qg3# 0-1

[Event "SG Turm Raesfeld/Erle-USV Volksbank Hall"]
[Site "?"]
[Date "2009.12.30"]
[Round "7.4"]
[White "Tünte, Hendrik"]
[Black "Niggl, Michael"]
[Result "1/2-1/2"]
[WhiteElo "1049"]
[BlackElo "1094"]
[PlyCount "120"]
[EventDate "2009.??.??"]
[WhiteTeam "SG Turm Raesfeld/Erle"]
[BlackTeam "USV Volksbank Halle"]

1. e4 c5 2. Nf3 a6 3. c4 Nc6 4. Nc3 g6 5. b3 Bg7 6. Bb2 Nf6 7. Rb1 O-O 8. Bd3
d6 9. h3 Bd7 10. O-O Ne8 11. Re1 Nc7 12. Nd5 Rb8 13. Bxg7 Kxg7 14. Qc2 b5 15.
Nxc7 Qxc7 16. cxb5 axb5 17. a3 Ra8 18. Ra1 Rfb8 19. Reb1 Be6 20. Qc3+ f6 21.
Ng5 Qd7 22. Nxe6+ Qxe6 23. b4 Qe5 24. bxc5 dxc5 25. Qxe5 Nxe5 26. Bxb5 Ra5 27.
a4 e6 28. f4 Nf7 29. Rc1 Nd6 30. Bd3 Rb4 31. e5 Ne4 32. exf6+ Nxf6 33. Rc4 Nd5
34. Rxb4 cxb4 35. Bc4 Nxf4 36. Bb5 b3 37. Rb1 Nd5 38. Rxb3 Nc7 39. Rb2 e5 40.
d3 Nd5 41. Rb3 Kf6 42. Kf2 h5 43. Be8 Nc7 44. Rb6+ Kg5 45. Bb5 Kf5 46. Bd7+ Kg5
47. Rb8 Kh6 48. Bf5 Kg5 49. g4 gxf5 50. Kg3 h4+ 51. Kf3 fxg4+ 52. hxg4 Rxa4 53.
Rb7 Rxg4 54. Rxc7 Rf4+ 55. Kg2 Rg4+ 56. Kf3 Rg3+ 57. Ke4 Kg4 58. Rg7+ Kh3 59.
Rh7 Rg4+ 60. Kxe5 Kg3 1/2-1/2

[Event "SK Wildeshausen-SV Motor Eberswalde"]
[Site "?"]
[Date "2009.12.30"]
[Round "7.1"]
[White "Wenzke, Tim"]
[Black "Grigorian, Spartak"]
[Result "0-1"]
[WhiteElo "1506"]
[BlackElo "1745"]
[PlyCount "62"]
[EventDate "2009.??.??"]
[WhiteTeam "SV Motor Eberswalde"]
[BlackTeam "SK Wildeshausen"]

1. d4 c5 2. dxc5 e6 3. e4 Bxc5 4. Nf3 Nf6 5. Bd3 d5 6. exd5 Qxd5 7. Bb5+ Bd7 8.
Qxd5 Nxd5 9. Bc4 Nb6 10. Be2 Nc6 11. O-O O-O 12. Bf4 Nd5 13. Bg3 Rfe8 14. Re1
f6 15. c3 e5 16. Bc4 Be6 17. Nbd2 Rad8 18. Ne4 Bf8 19. Rad1 Nc7 20. Bxe6+ Nxe6
21. Ned2 Nc5 22. Re2 Rd7 23. Rb1 Red8 24. Nb3 Nd3 25. Ne1 b6 26. Nxd3 Rxd3 27.
f4 Bd6 28. fxe5 Nxe5 29. Rd2 Rxd2 30. Nxd2 Bc5+ 31. Kf1 Rxd2 0-1